[Event "AUS-ch Minor"]
[Site "Cammeray"]
[Date "2011.01.09"]
[Round "7"]
[White "Souffron, Marc"]
[Black "Farrell, Keith"]
[Result "1/2-1/2"]
[WhiteElo "1166"]
[BlackElo "1188"]
[PlyCount "76"]
[EventDate "2011.01.02"]
[EventType "swiss"]
[EventRounds "11"]
[EventCountry "AUS"]
[SourceTitle "EXT 2012"]
[Source "ChessBase"]
[SourceDate "2011.11.24"]
[SourceVersion "1"]
[SourceVersionDate "2011.11.24"]
[SourceQuality "1"]

1. c4 c6 2. Nf3 d5 3. cxd5 cxd5 4. g3 Nc6 5. Bg2 e5 6. d3 Nf6 7. 0-0 Bc5 8. b3 0-0 9. Bb2 Re8 10. e3 Bg4 11. h3 Bd7 12. Nc3 h6 13. Rc1 Bb6 14. Na4 Bc7 15. Qe2 Rc8 16. Ba3 e4 17. dxe4 Nxe4 18. Rfd1 d4 19. Nxd4 Nxg3 20. fxg3 Qg5 21. g4 Rxe3 22. Nf3 Rxe2 23. Nxg5 Rxa2 24. Rxd7 hxg5 25. Bxc6 bxc6 26. Bd6 Bxd6 27. Rxd6 Re8 28. Nc3 Rb2 29. Rxc6 Re3 30. Nd5 Rg3+ 31. Kh1 Rxh3+ 32. Kg1 Rg3+ 33. Kf1 Rgg2 34. Ne7+ Kh7 35. Rc8 Rbf2+ 36. Ke1 Re2+ 37. Kf1 Ref2+ 38. Ke1 Re2+ 1/2-1/2

[Event "AUS-ch Minor"]
[Site "Cammeray"]
[Date "2011.01.07"]
[Round "6"]
[White "Baldwin, Tony"]
[Black "Souffron, Marc"]
[Result "1/2-1/2"]
[WhiteElo "1275"]
[BlackElo "1166"]
[PlyCount "69"]
[EventDate "2011.01.02"]
[EventType "swiss"]
[EventRounds "11"]
[EventCountry "AUS"]
[SourceTitle "EXT 2012"]
[Source "ChessBase"]
[SourceDate "2011.11.24"]
[SourceVersion "1"]
[SourceVersionDate "2011.11.24"]
[SourceQuality "1"]

1. d4 Nf6 2. c4 e6 3. Nf3 d5 4. Bg5 Nbd7 5. Nc3 Bb4 6. Qb3 Bxc3+ 7. bxc3 c6 8. e3 h6 9. Bxf6 Qxf6 10. cxd5 exd5 11. Qa3 Qe7 12. Qxe7+ Kxe7 13. Bd3 b6 14. 0-0 c5 15. Rfe1 Bb7 16. Re2 c4 17. Bc2 Nf6 18. Nd2 Ne4 19. Nxe4 dxe4 20. Rd1 Rad8 21. Red2 Ke6 22. Ba4 a6 23. Rb2 b5 24. Bc2 f5 25. a4 Bc6 26. axb5 axb5 27. Ra1 Ra8 28. Rba2 Rxa2 29. Rxa2 Ra8 30. Rxa8 Bxa8 31. Bd1 g6 32. f3 Kf6 33. Kf2 Kg5 34. Kg3 exf3 35. gxf3 1/2-1/2

[Event "AUS-ch Minor"]
[Site "Cammeray"]
[Date "2010.01.10"]
[Round "8"]
[White "Beahan, Patrick"]
[Black "Souffron, Marc"]
[Result "1-0"]
[WhiteElo "1210"]
[BlackElo "1416"]
[PlyCount "51"]
[EventDate "2010.01.02"]
[EventType "swiss"]
[EventRounds "11"]
[EventCountry "AUS"]
[SourceTitle "EXT 2011"]
[Source "ChessBase"]
[SourceDate "2010.11.26"]
[SourceVersion "1"]
[SourceVersionDate "2010.11.26"]
[SourceQuality "1"]

1. e4 e5 2. Nf3 Nf6 3. Nxe5 d5 4. d4 Nxe4 5. Bd3 Nd7 6. 0-0 Nxe5 7. dxe5 Nc5 8. Nc3 Nxd3 9. cxd3 c6 10. d4 g6 11. Be3 Bg7 12. Re1 Bf5 13. Qd2 0-0 14. Ne2 Re8 15. Ng3 Be6 16. Bh6 Bh8 17. Qe3 Rc8 18. Qf4 b6 19. Nh5 Bf5 20. Bg5 Qc7 21. Nf6+ Kf8 22. Nxh7+ Kg8 23. Nf6+ Kf8 24. Qh4 Bg7 25. Qh7 Ke7 26. Nxd5+ 1-0

[Event "AUS-ch Minor"]
[Site "Cammeray"]
[Date "2010.01.03"]
[Round "2"]
[White "Huband Lint, Kees"]
[Black "Souffron, Marc"]
[Result "1-0"]
[WhiteElo "1014"]
[BlackElo "1416"]
[PlyCount "95"]
[EventDate "2010.01.02"]
[EventType "swiss"]
[EventRounds "11"]
[EventCountry "AUS"]
[SourceTitle "EXT 2011"]
[Source "ChessBase"]
[SourceDate "2010.11.26"]
[SourceVersion "1"]
[SourceVersionDate "2010.11.26"]
[SourceQuality "1"]

1. d4 Nf6 2. c4 e6 3. Nc3 Bb4 4. Qc2 d5 5. e3 0-0 6. a3 Bxc3+ 7. bxc3 b6 8. cxd5 exd5 9. Bd3 Ba6 10. Bxa6 Nxa6 11. a4 Re8 12. Ba3 c5 13. Ne2 Rc8 14. Qd3 c4 15. Qc2 Ne4 16. f3 Nf6 17. Qd2 Rc6 18. 0-0 Rce6 19. Bc1 Rxe3 20. Qxe3 Rxe3 21. Bxe3 Qe8 22. Kf2 Nc7 23. Bg5 h6 24. Bxf6 gxf6 25. Rfe1 Ne6 26. Nf4 Qb8 27. Nxe6 fxe6 28. Rxe6 Qxh2 29. Rae1 Qh4+ 30. Kg1 Kf7 31. Re8 f5 32. R8e5 Kg6 33. Rf1 Qf4 34. Rxd5 Qe3+ 35. Kh2 Qxc3 36. Rd6+ Kg5 37. f4+ Kh5 38. Rf3 Qe1 39. Rh3+ Kg4 40. Rg6+ Kxf4 41. Rf3+ Ke4 42. Re6+ Kxd4 43. Rxe1 c3 44. Rc1 Kc4 45. Rfxc3+ Kb4 46. Rc4+ Ka5 47. Rf4 a6 48. Ra1 1-0